00402 a2200169 4500260001000000100002400010260001400034245006900048300001400117650001400131650001600145650001400161260000900175300002200184130000800206020001800214 aParis aNADEAU, Jean-Pierre bLavoisier aSéchage : des processus physiques aux procédés industriels aXXV-307p. aséchage aatomisation aindustrie c1995 bcouv.ill.en coul. lFr. a2-7430-0018-X